La fiesta de Lucas Cajnavá (Record no. 5151)

MARC details
000 -LEADER
campo de control de longitud fija 00472nam a22001577a 4500
001 - NÚMERO DE CONTROL
campo de control 20111
005 - FECHA Y HORA DE LA ÚLTIMA TRANSACCIÓN
campo de control 20250522045713.0
008 - DATOS DE LONGITUD FIJA--INFORMACIÓN GENERAL
campo de control de longitud fija 5230202007 dr
082 ## - NÚMERO DE LA CLASIFICACIÓN DECIMAL DEWEY
Número de clasificación RD 863.44M6999f
100 ## - ENTRADA PRINCIPAL--NOMBRE DE PERSONA
Nombre de persona FerrerasAbreham Méndez Várgas.
245 ## - MENCIÓN DEL TÍTULO
Título La fiesta de Lucas Cajnavá
Mención de responsabilidad, etc. Abraham Méndez Vargas.
260 ## - PUBLICACIÓN, DISTRIBUCIÓN, ETC.
Lugar de publicación, distribución, etc. Santo Domingo, República Dominicana :
Nombre del editor, distribuidor, etc. Editora Taller
Fecha de publicación, distribución, etc. 2007
300 ## - DESCRIPCIÓN FÍSICA
Extensión 79 p. ;
Dimensiones 21 cm.
650 ## - PUNTO DE ACCESO ADICIONAL DE MATERIA--TÉRMINO DE MATERIA
Término de materia o nombre geográfico como elemento de entrada 1.Novela Dominicana
700 ## - ENTRADA AGREGADA--NOMBRE PERSONAL
Nombre de persona I.Tít.
Holdings
Estatus retirado Estado de pérdida Estado de daño No para préstamo Colección Biblioteca de origen Biblioteca actual Fecha de adquisición Total de préstamos Signatura topográfica completa Código de barras Visto por última vez Copia número Precio de reemplazo Tipo de ítem Koha
        Acervo general de Libros Biblioteca Central Mons. Favio M. Rivas S. Biblioteca Central Mons. Favio M. Rivas S. 31/05/2019   RD 863.44M6999f 000000007468 23/05/2025 1 23/05/2025 Libros